[Event "XXVIII Open Internacional de Erandio"]
[Site "Erandio "]
[Date "2019.12.21"]
[Round "8"]
[Board "9"]
[White "Martinez De Soria Gordon, Jose Manuel"]
[Black "Gutierrez Bolado, Juan Antonio"]
[Result "1-0"]
[WhiteElo "1904"]
[BlackElo "1721"]
[PlyCount "70"]
[EventDate "2019.12.14"]
[EventRounds "8"]
[EventCountry "ESP"]

1. e4 g6 2. Nc3 c5 3. g3 Nc6 4. Bg2 d6 5. d3 Bg7 6. Be3 Nf6 7. Qc1 O-O 8. Bh6
Ne8 9. h4 Nd4 10. Bxg7 Nxg7 11. Nce2 e5 12. c3 Nxe2 13. Nxe2 Rb8 14. Qe3 b6 15.
O-O-O Be6 16. Kb1 b5 17. d4 Qa5 18. d5 Bd7 19. f4 b4 20. c4 Rb6 21. fxe5 Ra6
22. Nc1 dxe5 23. b3 f5 24. Rdf1 Raf6 25. Nd3 Ra6 26. Rf2 fxe4 27. Rxf8+ Kxf8
28. Qxc5+ Kg8 29. Qxa5 Rxa5 30. Nxe5 Bf5 31. g4 Bc8 32. Bxe4 Ne8 33. Nc6 Rc5
34. Ne7+ Kg7 35. Nxc8 Rxc8  1-0

[Event "XXVIII Open Internacional de Erandio"]
[Site "Erandio "]
[Date "2019.12.21"]
[Round "8"]
[Board "10"]
[White "Sarralde Marco, Emilio"]
[Black "Perez Novoa, Miguel"]
[Result "1-0"]
[WhiteElo "1833"]
[BlackElo "1675"]
[PlyCount "116"]
[EventDate "2019.12.14"]
[EventRounds "8"]
[EventCountry "ESP"]

1. e4 c5 2. Nf3 d6 3. d4 cxd4 4. Nxd4 Nf6 5. Nc3 g6 6. Bc4 Bg7 7. Bb3 Nc6 8.
Nde2 O-O 9. f3 Bd7 10. Be3 Qa5 11. Qd2 Rfc8 12. O-O-O Ne5 13. Kb1 Nc4 14. Qc1
Nxe3 15. Qxe3 b5 16. g4 b4 17. Nd5 Nxd5 18. Rxd5 Qc7 19. h4 Be6 20. Rb5 Bxb3
21. Qxb3 a5 22. h5 Qc6 23. hxg6 hxg6 24. Qd3 Rc7 25. f4 Rac8 26. Rc1 Qa6 27.
Rd5 Qxd3 28. cxd3 Rxc1+ 29. Nxc1 Ra8 30. Nb3 a4 31. Ra5 Rxa5 32. Nxa5 e5 33. f5
gxf5 34. gxf5 Bh6 35. Kc2 Be3 36. b3 a3 37. Nc4 Bc5 38. Nd2 Kf8 39. Nf3 Ke7 40.
d4 exd4 41. Kd3 Kf6 42. Nxd4 d5 43. Nf3 dxe4+ 44. Kxe4 Bf8 45. Ne5 Bd6 46. Nd7+
Ke7 47. Nb6 Bg3 48. Nd5+ Kd6 49. Nxb4 Kc5 50. Nc2 Bc7 51. Nxa3 Kb4 52. Nc4 f6
53. Kd5 Bf4 54. Ke6 Bg5 55. Nd6 Ka3 56. Ne4 Bh4 57. Nxf6 Kxa2 58. b4 Kb3  1-0